Music Quiz

Random Music or Classical Quiz
Score 0/18 Timer 02:00
45 Plays Today
% Correct
Barbra Streisand
95.7%
Paul McCartney
95.7%
Frank Sinatra
95.6%
Madonna
95.6%
Dolly Parton
95.5%
Janis Joplin
95.5%
Jimi Hendrix
95.3%
Michael Jackson
95.3%
John Williams
95.2%
% Correct
Louis Armstrong
95.2%
Aretha Franklin
95%
Yo-Yo Ma
95%
Diana Ross
94.5%
Antonio Vivaldi
94.4%
Ludwig von Beethoven
94.3%
Lena Horne
93.8%
Miles Davis
93.8%
Duke Ellington
93%
Remove Ads.
Support Sporcle.
Get the best of Sporcle when you Go Orange. This ad-free experience offers more features, more stats, and more fun while also helping to support Sporcle. Thank you for becoming a member.

You're not logged in!

Compare scores with friends on all Sporcle quizzes.
OR
Log In

Show Comments

Extras

Top Quizzes Today


Score Distribution

Your Account Isn't Verified!

In order to create a playlist on Sporcle, you need to verify the email address you used during registration. Go to your Sporcle Settings to finish the process.

Report this User

Report this user for behavior that violates our Community Guidelines.

Details: